[Event "Porticcio op 12th"]
[Site "Porticcio"]
[Date "2010.04.04"]
[Round "5"]
[White "Bellicou, Dominique"]
[Black "Fersadou, Kevin"]
[Result "1-0"]
[WhiteElo "1779"]
[BlackElo "1568"]
[PlyCount "97"]
[EventDate "2010.04.01"]
[EventType "swiss"]
[EventRounds "9"]
[EventCountry "FRA"]
[SourceTitle "EXT 2012"]
[Source "ChessBase"]
[SourceDate "2011.11.24"]
[SourceVersion "1"]
[SourceVersionDate "2011.11.24"]
[SourceQuality "1"]

1. e4 e5 2. Nf3 Nc6 3. Bc4 Nf6 4. 0-0 d5 5. exd5 Nxd5 6. d4 Nb6 7. Bb5 Bg4 8. dxe5 Qxd1 9. Rxd1 a6 10. Bxc6+ bxc6 11. Nc3 Bxf3 12. gxf3 Bb4 13. Ne4 0-0 14. Bg5 Rfe8 15. c3 Be7 16. Bf4 Nd5 17. Bg3 a5 18. Rd2 Bd8 19. Rad1 f6 20. c4 Nb6 21. exf6 gxf6 22. Bxc7 Bxc7 23. Nxf6+ Kh8 24. Nxe8 Rxe8 25. b3 Rf8 26. Kg2 Rg8+ 27. Kf1 Bxh2 28. Rd8 Rxd8 29. Rxd8+ Kg7 30. Kg2 Bc7 31. Rd4 Kf6 32. Kh3 Be5 33. Rd8 Ke7 34. Rd3 Nd7 35. Kg4 Ke6 36. f4 Bf6 37. Rh3 Nf8 38. Rh5 Bd4 39. Rxa5 Nd7 40. Ra6 Kd6 41. b4 Bxf2 42. Kf5 h5 43. b5 h4 44. Rxc6+ Ke7 45. Rh6 Kf8 46. a4 Kg7 47. Rd6 Nf8 48. Kg4 Nh7 49. b6 1-0

[Event "Corsica Masters op 13th"]
[Site "Bastia"]
[Date "2009.10.28"]
[Round "6"]
[White "Fersadou, Kevin"]
[Black "Morganti, Noel"]
[Result "1-0"]
[WhiteElo "1545"]
[BlackElo "1712"]
[PlyCount "43"]
[EventDate "2009.10.25"]
[EventType "swiss"]
[EventRounds "9"]
[EventCountry "FRA"]
[SourceTitle "EXT 2010"]
[Source "ChessBase"]
[SourceDate "2010.11.25"]
[SourceVersion "1"]
[SourceVersionDate "2010.11.25"]
[SourceQuality "1"]

1. e4 d6 2. Nf3 Nf6 3. Nc3 g6 4. Be2 Bg7 5. 0-0 0-0 6. d3 Bg4 7. h3 Bxf3 8. Bxf3 e5 9. Bg5 h6 10. Bxf6 Bxf6 11. Qd2 Bg7 12. Bg4 h5 13. Be2 Nc6 14. f4 exf4 15. Qxf4 Nd4 16. Rac1 Be5 17. Qh6 Qh4 18. Nd5 Nxe2+ 19. Kh1 Ng3+ 20. Kg1 Nxf1 21. Rxf1 Qg3 22. Ne7# 1-0

[Event "Bastia CC Winter op 33th"]
[Site "Bastia"]
[Date "2009.01.01"]
[Round "?"]
[White "Dellapina, Florian"]
[Black "Fersadou, Kevin"]
[Result "0-1"]
[WhiteElo "1300"]
[BlackElo "1630"]
[PlyCount "70"]
[EventDate "2009.01.01"]
[EventType "swiss"]
[EventRounds "5"]
[EventCountry "FRA"]
[SourceTitle "CBM 128 Extra"]
[Source "ChessBase"]
[SourceDate "2009.03.05"]
[SourceVersion "2"]
[SourceVersionDate "2009.03.25"]
[SourceQuality "1"]

1. e4 e5 2. Nf3 Nc6 3. Nc3 Nf6 4. Bb5 d6 5. 0-0 Bg4 6. d3 a6 7. Bxc6+ bxc6 8. h3 Bh5 9. Be3 Be7 10. d4 exd4 11. Bxd4 c5 12. Bxf6 Bxf6 13. Qe2 0-0 14. Qe3 Re8 15. Nd5 Bxb2 16. Rab1 Bxf3 17. Qxf3 Bf6 18. Nxf6+ Qxf6 19. Qxf6 gxf6 20. f3 Rab8 21. Rfe1 Rb4 22. Rxb4 cxb4 23. Rb1 c5 24. Rb3 a5 25. Rd3 Rd8 26. f4 c4 27. Rd2 a4 28. e5 fxe5 29. fxe5 d5 30. Rf2 d4 31. Rf4 d3 32. Rxc4 d2 33. Rxb4 d1Q+ 34. Kh2 Qxc2 35. Rg4+ Kf8 0-1

[Event "Corsica CC op 32th"]
[Site "Bastia"]
[Date "2008.11.15"]
[Round "?"]
[White "Fersadou, Kevin"]
[Black "Dominici, Guillaume"]
[Result "0-1"]
[WhiteElo "1640"]
[BlackElo "1480"]
[PlyCount "44"]
[EventDate "2008.11.08"]
[EventType "swiss"]
[EventRounds "5"]
[EventCountry "FRA"]
[SourceTitle "CBM 127 Extra"]
[Source "ChessBase"]
[SourceDate "2009.01.08"]
[SourceVersion "2"]
[SourceVersionDate "2009.01.28"]
[SourceQuality "1"]

1. e4 e5 2. Nf3 Nc6 3. Bb5 a6 4. Bxc6 dxc6 5. Nxe5 Qd4 6. Nd3 Qxe4+ 7. Qe2 Qxe2+ 8. Kxe2 g6 9. Re1 Bg7 10. Kf1+ Ne7 11. Nc3 b6 12. Nb4 Bb7 13. d3 Kd7 14. Bf4 a5 15. Bg5 Rhe8 16. Bxe7 Rxe7 17. Rxe7+ Kxe7 18. Re1+ Kd7 19. Nxc6 Bxc6 20. Ne4 Re8 21. f3 Bxb2 22. Nf6+ Bxf6 0-1

[Event "Bastia July op"]
[Site "Bastia"]
[Date "2008.07.29"]
[Round "5"]
[White "Alliot, Kevin"]
[Black "Fersadou, Kevin"]
[Result "1-0"]
[WhiteElo "1767"]
[BlackElo "1410"]
[PlyCount "71"]
[EventDate "2008.07.23"]
[EventType "swiss"]
[EventRounds "7"]
[EventCountry "FRA"]
[SourceTitle "EXT 2010"]
[Source "ChessBase"]
[SourceDate "2010.11.25"]
[SourceVersion "1"]
[SourceVersionDate "2010.11.25"]
[SourceQuality "1"]

1. d4 d5 2. c4 c6 3. Nc3 Bf5 4. Qb3 b6 5. cxd5 cxd5 6. Qxd5 Qxd5 7. Nxd5 e6 8. Nc7+ Kd8 9. Nxa8 Nc6 10. e3 f6 11. Bd2 Bb4 12. a3 Bxd2+ 13. Kxd2 Be4 14. f3 Bd5 15. e4 Bc4 16. Bxc4 Na5 17. b3 Nxc4+ 18. bxc4 Kc8 19. Rb1 Kb7 20. Nxb6 axb6 21. c5 b5 22. a4 b4 23. Rxb4+ Kc6 24. Rb6+ Kd7 25. d5 exd5 26. exd5 Kc7 27. a5 Ne7 28. Ne2 Nxd5 29. Rd6 Nb4 30. Nd4 Na2 31. Ne6+ Kb7 32. a6+ Ka7 33. Nxg7 Rg8 34. c6 Rxg7 35. Rd7+ Rxd7+ 36. cxd7 1-0

[Event "Bastia July op"]
[Site "Bastia"]
[Date "2008.07.25"]
[Round "3"]
[White "Fersadou, Kevin"]
[Black "Albert, Ghislaine"]
[Result "1-0"]
[WhiteElo "1410"]
[BlackElo "1479"]
[PlyCount "39"]
[EventDate "2008.07.23"]
[EventType "swiss"]
[EventRounds "7"]
[EventCountry "FRA"]
[SourceTitle "EXT 2010"]
[Source "ChessBase"]
[SourceDate "2010.11.25"]
[SourceVersion "1"]
[SourceVersionDate "2010.11.25"]
[SourceQuality "1"]

1. e4 c5 2. c3 d5 3. Bb5+ Bd7 4. Qa4 Bxb5 5. Qxb5+ Nc6 6. exd5 Qd7 7. dxc6 bxc6 8. Qxc5 e6 9. Qg5 g6 10. Qe5 f6 11. Qd4 Qb7 12. b3 c5 13. Qa4+ Kf7 14. Nf3 Nh6 15. b4 c4 16. Na3 Rc8 17. 0-0 Qc7 18. Nb5 Qf4 19. d3 Qxh2+ 20. Nxh2 1-0